01087nas a2200265Ia 4500001001100000003000900011008004100020040001300061040001300074041001300087100003800100210001000138222001000148245007900158250001100237260004100248501008600289300001800375362003400393500026000427650003900687700002200726700002000748700005300768R455/G2004IT-RoPAU151124c99999999xx |||||||||||| ||und|| aIT-RoPAU cIT-RoPAU aITALIANO aAA.VV. gCodice Aut. SPICS: 12000 aJESUS aJesus aJESUS, ANNO 21-N.10 (OTTOBRE 1999)bDossier Sanita': Rivoluzione In Corsia a1a ed. aALBA (CN)bPERIODICI SAN PAOLOc1999 bPaulus - SPICS - Società San Paolo EM (non-commercial uses only)cCopyright2015 a15 p. [51-65] aANNO 021, N.10 (OTTOBRE 1999) aLa Riforma del Servizio Sanitario Si Propone di Mettere al Centro dell'Attenzione i Diritti del Malato e di Favorire un Nuovo Rapporto tra Medico e Paziente. Sfida Dai Risvolti Etici. Dottore, Facciamo un Patto? di Sandro Spinsanti. Il Mondo in una Stanza aPASTORALEvPUBBLICAZIONE PERIODICA aDe Paoli Maurizio aFerro' Giovanni gCodice Aut. SPICS: 51900Codice Aut. SPICS: 51323